Statistical modeling for management / (Record no. 9288)

MARC details
000 -LEADER
fixed length control field 01179cam a2200349 a 4500
001 - CONTROL NUMBER
control field 14901697
003 - CONTROL NUMBER IDENTIFIER
control field OSt
005 - DATE AND TIME OF LATEST TRANSACTION
control field 20240724105038.0
008 - FIXED-LENGTH DATA ELEMENTS--GENERAL INFORMATION
fixed length control field 070625s2008 caua b 001 0 eng d
010 ## - LIBRARY OF CONGRESS CONTROL NUMBER
LC control number 2007931607
015 ## - NATIONAL BIBLIOGRAPHY NUMBER
National bibliography number GBA673216
Source bnb
016 7# - NATIONAL BIBLIOGRAPHIC AGENCY CONTROL NUMBER
Record control number 013538124
Source Uk
020 ## - INTERNATIONAL STANDARD BOOK NUMBER
International Standard Book Number 0761970118 (hbk.)
020 ## - INTERNATIONAL STANDARD BOOK NUMBER
International Standard Book Number 9780761970118 (hbk.)
020 ## - INTERNATIONAL STANDARD BOOK NUMBER
International Standard Book Number 0761970126 (pbk.)
020 ## - INTERNATIONAL STANDARD BOOK NUMBER
International Standard Book Number 9780761970125 (pbk.)
035 ## - SYSTEM CONTROL NUMBER
System control number (OCoLC)ocm71165778
040 ## - CATALOGING SOURCE
Original cataloging agency UKM
Transcribing agency MUST
Modifying agency BAKER
-- BTCTA
-- NLGGC
-- YDXCP
-- BWKUK
-- BWK
-- DLC
042 ## - AUTHENTICATION CODE
Authentication code lccopycat
082 ## - DEWEY DECIMAL CLASSIFICATION NUMBER
Classification number 310 HUT 2008
100 1# - MAIN ENTRY--PERSONAL NAME
Personal name Hutcheson, Graeme.
9 (RLIN) 18992
245 10 - TITLE STATEMENT
Title Statistical modeling for management /
Statement of responsibility, etc. Graeme D. Hutcheson, Luiz Moutinho.
260 ## - PUBLICATION, DISTRIBUTION, ETC. (IMPRINT)
Place of publication, distribution, etc. London ;
-- Los Angeles :
Name of publisher, distributor, etc. SAGE,
Date of publication, distribution, etc. 2008.
300 ## - PHYSICAL DESCRIPTION
Extent xviii, 235 p. :
Other physical details ill. ;
Dimensions 25 cm.
504 ## - BIBLIOGRAPHY, ETC. NOTE
Bibliography, etc Includes bibliographical references (p. [223]-230) and index.
650 #0 - SUBJECT ADDED ENTRY--TOPICAL TERM
Topical term or geographic name as entry element Marketing
General subdivision Mathematical models.
9 (RLIN) 18993
650 #0 - SUBJECT ADDED ENTRY--TOPICAL TERM
Topical term or geographic name as entry element Marketing
General subdivision Statistical methods.
9 (RLIN) 18994
700 1# - ADDED ENTRY--PERSONAL NAME
Personal name Moutinho, Luiz.
9 (RLIN) 18995
906 ## - LOCAL DATA ELEMENT F, LDF (RLIN)
a 7
b cbc
c copycat
d 2
e epcn
f 20
g y-gencatlg
942 ## - ADDED ENTRY ELEMENTS (KOHA)
Source of classification or shelving scheme Dewey Decimal Classification
Koha item type Open Shelf
Holdings
Withdrawn status Lost status Source of classification or shelving scheme Damaged status Not for loan Home library Current library Date acquired Source of acquisition Inventory number Total Checkouts Full call number Barcode Date last seen Price effective from Koha item type
    Dewey Decimal Classification     MUST Main Library MUST Main Library 24/07/2024 Donation 2011/35451   310 HUT 2008 2024-22180 24/07/2024 24/07/2024 Open Shelf